Voitures des années 1980 - Statistiques

Statistiques générales
  • Ce quiz a été pris 246 fois
  • Le résultat moyen est 8 sur 16
Statistiques - réponses
Par images Hint Réponse % Correct
1983 Peugeot {205}
96%
1983 Volkswagen {Golf} II
92%
1980 Fiat {Panda}
90%
1986 BMW {M3}
67%
1982 Citroën {BX}
65%
1989 Mazda {MX5}
65%
1988 Renault {19}
61%
1986 Seat {Ibiza}
59%
1981 DeLorean {DMC} 12
43%
1982 Ford {Sierra}
39%
1982 Mercedes-Benz {190}
33%
1982 Nissan {Micra}
32%
1983 Toyota {Corolla} Levin (AE86)
29%
1989 Ferrari {348}
20%
1985 Alfa Romeo {75}
11%
1985 Hyundai {Excel}
2%
Aucun quiz correspondant
Distribution des résultats
% des personnes avec chaque résultat
Percentile par nombre de réponses
Votre historique - résultats
Vous n’avez pas pris ce quiz